[Event "Varde Weekend Grp1"]
[Site "Varde"]
[Date "2019.05.11"]
[Round "3"]
[White "Olesen, Asger Hvide"]
[Black "Christensen, Allan Toftegaard"]
[Result "1/2-1/2"]
[WhiteElo "1691"]
[BlackElo "1819"]
[PlyCount "51"]
[EventDate "2019.05.10"]
[EventType "tourn"]
[EventRounds "5"]
[EventCountry "DEN"]
[SourceTitle "EXT 2023"]
[Source "ChessBase"]
[SourceDate "2022.10.05"]
[SourceVersion "1"]
[SourceVersionDate "2022.10.05"]
[SourceQuality "1"]

1. e4 c5 2. Nf3 Nc6 3. d4 cxd4 4. Nxd4 e6 5. Bc4 Qb6 6. Nxc6 bxc6 7. Qe2 Be7 8. 0-0 Nf6 9. Re1 0-0 10. Nc3 Ne8 11. Rb1 Nd6 12. Bd3 e5 13. Be3 Qc7 14. f4 Bf6 15. f5 Bb7 16. g4 Bh4 17. Rf1 c5 18. b3 f6 19. Rbd1 Nf7 20. Bc4 Kh8 21. Nd5 Bxd5 22. Rxd5 d6 23. Rfd1 Rad8 24. Qd3 Bg5 25. Bxg5 Nxg5 26. h4 1/2-1/2